Cybersecurity Analytics (Record no. 13410)

MARC details
000 -LEADER
fixed length control field 00440nam a22001817a 4500
003 - CONTROL NUMBER IDENTIFIER
control field OSt
008 - FIXED-LENGTH DATA ELEMENTS--GENERAL INFORMATION
fixed length control field 250424b |||||||| |||| 00| 0 eng d
020 ## - INTERNATIONAL STANDARD BOOK NUMBER
International Standard Book Number 9781032792934
082 ## - DEWEY DECIMAL CLASSIFICATION NUMBER
Classification number 005.82 VEC
100 ## - MAIN ENTRY--PERSONAL NAME
Personal name VERMA,Rakesh M
245 ## - TITLE STATEMENT
Title Cybersecurity Analytics
250 ## - EDITION STATEMENT
Edition statement Rep 1st Ed
260 ## - PUBLICATION, DISTRIBUTION, ETC. (IMPRINT)
Place of publication, distribution, etc New York
Name of publisher, distributor, etc CRC Press
Date of publication, distribution, etc 21024
300 ## - PHYSICAL DESCRIPTION
Extent 339
650 ## - SUBJECT ADDED ENTRY--TOPICAL TERM
Topical term or geographic name as entry element Cybersecurity Analytics
700 ## - ADDED ENTRY--PERSONAL NAME
Personal name MARCHETTE,David J
942 ## - ADDED ENTRY ELEMENTS (KOHA)
Source of classification or shelving scheme Dewey Decimal Classification
Koha item type Text Books
Holdings
Withdrawn status Lost status Source of classification or shelving scheme Damaged status Not for loan Collection code Home library Current library Date acquired Source of acquisition Currency Cost, normal purchase price Bill Number Total Checkouts Full call number Acc. no. / Barcode Date last seen Actual Cost, discounted price Bill Date Koha item type Public note
    Dewey Decimal Classification     B.Tech(CSE) PIET C-LIBRARY PIET C-LIBRARY 19/04/2025 Zaffa Books INR 1995.00 ZBD0069   005.82 VEC 39532 24/04/2025 1496.25 19/04/2025 Reference Books  
    Dewey Decimal Classification     B.Tech(CSE) PIET C-LIBRARY PIET C-LIBRARY 19/04/2025 Zaffa Books INR 1995.00 ZBD0069   005.82 VEC 39533 24/04/2025 1496.25 19/04/2025 Text Books  
    Dewey Decimal Classification     B.Tech(CSE) PIET C-LIBRARY PIET C-LIBRARY 19/04/2025 Zaffa Books INR 1995.00 ZBD0069   005.82 VEC 39534 24/04/2025 1496.25 19/04/2025 Text Books  
    Dewey Decimal Classification     B.Tech(CSE) PIET C-LIBRARY PIET C-LIBRARY 19/04/2025 Zaffa Books INR 1995.00 ZBD0069   005.82 VEC 39535 24/04/2025 1496.25 19/04/2025 Text Books  
    Dewey Decimal Classification     B.Tech(CSE) PIET C-LIBRARY PIET C-LIBRARY 19/04/2025 Zaffa Books INR 1995.00 ZBD0069   005.82 VEC 39536 24/04/2025 1496.25 19/04/2025 Text Books  
    Dewey Decimal Classification     Computer Science & Engineering in Cyber Security PIET C-LIBRARY PIET C-LIBRARY 01/04/2026 Sterling Book House INR 1995.00 IN/2141   005.82 VEC 39994 14/04/2026 1397.00 01/04/2026 Text Books Decentrilization

Design & Developed by: PIET Central Library
R70 Miles Stone Pattikalyana Samalkha Panipat 132102
mail ID :- [email protected], Phone No:- 0180-2569700 Ex.216